000
00330nam a2200145Ia 4500
100
_a
Shmueli/Galit/ Patel/N.R
942
_c
BK
366
_f
27
245
_a
Datamining for Business Intelligence
260
_b
Wiley Interscience
_c
2007
082
_a
5.74
_b
SHM
300
_a
279
546
_a
ENGLISH
_c
electronics
999
_c
29938
_d
29938